000 00434nam a2200133Ia 4500
008 100328s9999 xx 000 0 und d
082 _b38382
100 _aकोपर्डेकर शरदचंद्र
245 _aस्वामी शिवानंद
260 _bनवचैतन्य
630 _aस्वामी शिवानंद
730 _aस्वामी शिवानंद
942 _cBOOK
999 _c527582
_d527579